| 000 | 01245nam0a22002531 4500 | ||
|---|---|---|---|
| 001 | rc\4591136 | ||
| 005 | 20260407113936.0 | ||
| 021 |
_aRU _b[64-23110] |
||
| 035 | _a(NLR Aleph) 008661534 | ||
| 090 |
_a9064391 _c9064391 |
||
| 100 | _a20130416d1963 |||y0rusy50 ca | ||
| 101 | 0 | _arus | |
| 102 | _aRU | ||
| 105 | _ay c ||||| | ||
| 200 | 1 |
_aМетодические указания по борьбе с паразитными болезнями (выработанные в 1959, 1960, 1961, 1962 годах) _e[Утв. Сан.-эпидемиол. упр. М-ва здравоохранения Груз. ССР в 1963 г.] _fМ-во здравоохранения Груз. ССР. Науч.-исслед. ин-т мед. паразитологии и тропич. медицины им. С.С. Вирсаладзе |
|
| 210 |
_aТбилиси _cБ. и. _d1963 |
||
| 215 |
_a47 с. _d20 |
||
| 606 |
_aПаразитарные болезни _xПрофилактика и борьба _2psbo |
||
| 712 | 0 | 1 |
_aГССР _bСанитарно-эпидемиологическое управление _9633550 _3RU\NLR\AUTH\8810065968 |
| 801 | 0 |
_aRU _bNLR _gpsbo |
|
| 801 | 1 |
_aRU _bELAR _2rusmarc |
|
| 852 |
_aNLR _j64-4/6019 |
||
| 942 | _cBOOK | ||
| 980 | _aNB | ||